000 03132cam a2200397 i 4500
001 20566971
005 20221011120233.0
008 171202t20182018nyuad b 001 0 eng c
010 _a 2017038216
020 _a9781138692329 (hardback)
020 _a9781138202931 (pbk.)
020 _z9781315472652 (ebook)
040 _aLBSOR/DLC
_beng
_cLBSOR
_erda
_dDLC
042 _apcc
043 _aa-cc---
_ad-----
050 0 0 _aD888.C6
_bC483 2018
082 0 0 _a327.5101724
_bCHI
245 0 0 _aChina steps out :
_bBeijing's major power engagement with the developing world /
_cedited by Joshua Eisenman and Eric Heginbotham.
264 1 _aNew York ;
_aLondon :
_bRoutledge Taylor & Francis Group,
_c2018.
300 _axiv, 438 pages :
_billustrations, charts ;
_c24 cm
336 _atext
_2rdacontent
337 _aunmediated
_2rdamedia
338 _avolume
_2rdacarrier
504 _aIncludes bibliographical references and index.
505 0 _aChina and the developing world: a new global dynamic / Eisenman & Heginbotham -- Expanding the "strategic periphery": a history of China's interaction with the developing world / Derek Mitchell -- Southeast Asia / Eric Heginbotham -- Central Asia / Matthew Oresman & Raffaello Pantucci -- South Asia / Jeff M. Smith -- Africa / Joshua Eisenman & David H. Shinn -- Middle East and Arab countries / Sarah Kaiser-Cross & Yufeng Mao -- Latin America and the Caribbean / R. Evan Ellis -- China's evolving power, position, and influence in the developing world / Eisenman & Heginbotham.
520 _a"What are Beijing's objectives towards the developing world and how they have evolved and been pursued over time? Featuring contributions by recognized experts, China Steps Out analyses and explains China's strategies in Africa, the Middle East, Central Asia, Latin America, South Asia, and Southeast Asia, and evaluates their effectiveness. This book explains how other countries perceive and respond to China's growing engagement and influence. Each chapter is informed by the functionally organized academic literature and addresses a uniform set of questions about Beijing's strategy. Using a regional approach, the authors are able to make comparisons among regions based on their economic, political, military, and social characteristics, and consider the unique features of Chinese engagement in each region and the developing world as a whole. China Steps Out will be of great interest to students and scholars of Chinese foreign policy, comparative political economy, and international relations"--
_cProvided by publisher.
651 0 _aChina
_xForeign relations
_zDeveloping countries.
_999843
651 0 _aDeveloping countries
_xForeign relations
_zChina.
_999844
651 0 _aChina
_xForeign economic relations
_zDeveloping countries.
_999845
651 0 _aDeveloping countries
_xForeign economic relations
_zChina.
_999846
700 1 _aEisenman, Joshua,
_d1977-
_eeditor.
_999847
700 1 _aHeginbotham, Eric,
_eeditor.
_999848
906 _a7
_bcbc
_corignew
_d1
_eecip
_f20
_gy-gencatlg
942 _2ddc
_cBK
999 _c591672
_d591672